Modelovanie teplotného poľa SMA aktuátora spojeného s termočlánkom v prostredí Matlab a ANSYS

Enregistré dans:
Détails bibliographiques
Auteur principal: Lenický, Robert, 1987- (Auteur)
Autres auteurs: Kutiš, Vladimír, 1975- (Directeur de thèse)
Format: Manuscrit Livre
Langue:slovaque
Publié: Bratislava : STU v Bratislave FEI, 2013
Sujets:
Accès en ligne:VAIS
Tags: Ajouter un tag
Pas de tags, Soyez le premier à ajouter un tag!

MARC

LEADER 00000ntm a22000003a 4500
001 stu270586
005 20150617230231.4
008 130709s2013----xo------------------slo-d
040 |a STU  |b slo 
041 0 |a slo 
044 |a xo 
100 1 |a Lenický, Robert,  |d 1987-  |4 aut  |u E  |T FEI Fakulta elektrotechniky a informatiky  |X 51287  |U E  |Y 30  |7 A000051287 
242 0 0 |a Temperature field modeling of SMA actuator attached to thermocouple in Matlab and ANSYS environment  |y eng 
242 0 0 |a Modelovanie teplotného poľa SMA aktuátora spojeného s termočlánkom v prostredí Matlab a ANSYS  |y slo 
245 1 |a Modelovanie teplotného poľa SMA aktuátora spojeného s termočlánkom v prostredí Matlab a ANSYS  
260 |a Bratislava :  |b STU v Bratislave FEI,  |c 2013 
300 |a 79 s  |c príl. 
650 7 |a kybernetika  |2 stusub 
650 7 |a Cybernetics  |2 estusub 
650 7 |a modeling  |2 estusub 
650 7 |a teplotné pole  |2 stusub 
650 7 |a modelovanie  |2 stusub 
700 1 |a Kutiš, Vladimír,  |d 1975-  |4 ths  |u E020  |U FEI Fakulta elektrotechniky a informatiky  |T FEI Ústav elektroenergetiky a aplikovanej elektrotechniky  |X 1879  |U E020  |Y 548  |7 A000001879 
856 4 |a info a plný text  |u http://is.stuba.sk/zp/portal_zp.pl?podrobnosti=92463  |3 VAIS 
996 |b 284EP10648  |c E*DIPL-10648  |l EE23  |s P  |a 0  |w stu270586_0001